Inauguración de un monumento a José A. Clavé en Granollers
Colección:
San Jorge,
; núm. 15 (juliol 1954), pàg 114-115
Materias:
Clavé, Josep Anselm, -- 1824-1874
; Clavé, Josep Anselm, -- 1824-1874 -- Monuments
; Monuments -- Granollers (Catalunya)
Idioma:
Español
MARC
| LEADER | 00000naa a2200000 a 4500 | ||
|---|---|---|---|
| 003 | Arxiu | ||
| 005 | 20260324181023.0 | ||
| 008 | 160829s1954 spa xx s spa c | ||
| 040 | |a AGDB | ||
| 245 | 0 | 0 | |a Inauguración de un monumento a José A. Clavé en Granollers |
| 490 | |a San Jorge, |v núm. 15 (juliol 1954), pàg 114-115 | ||
| 600 | 1 | 0 | |9 54893 |a Clavé, Josep Anselm, |d 1824-1874 |
| 600 | 1 | 0 | |a Clavé, Josep Anselm, |d 1824-1874 |x Monuments |9 55265 |
| 650 | 0 | |a Monuments |9 55266 |z Granollers (Catalunya) | |
| 773 | |g Núm. 15 (juliol 1954), pàg 114-115 |t San Jorge. | ||
| 901 | |a Arxiu | ||
| 942 | |n 1 |2 udc |c ART | ||
| 952 | |0 0 |1 0 |4 0 |6 REV509 |7 1 |9 65069 |a Arxiu |b Arxiu |d 2023-01-24 |l 0 |o Rev-509 |r 2023-01-24 00:00:00 |w 2023-01-24 |y ARXIU |z També disponible a Rev-523 | ||
| 999 | |c 43698 |d 43698 | ||